Biblioteca

Israel : el nacimiento de un estado (Registro nro. 43828)

Detalles MARC
000 -LÍDER
Campo fijo de descripción fija 009790000a22002290004500
020 ## - NÚMERO INTERNACIONAL NORMALIZADO PARA LIBROS
Número Internacional Normalizado del libro 84-406-8833-4 : 18.000
041 0# - CÓDIGO DE IDIOMA
Código de idioma para texto/pista de sonido o título separado
082 04 - NÚMERO DE CLASIFICACIÓN DECIMAL DEWEY
Número de clasificación G 320.540956 G894i
001 - NÚMERO DE CONTROL
Campo de control 17162
100 1# - ASIENTO PRINCIPAL--NOMBRE PERSONAL
Nombre personal Grynberg, Anne
245 10 - TÍTULO
Título del Material Israel : el nacimiento de un estado
260 ## - PUBLICACIÓN, DISTRIBUCIÓN, ETC. (PIE DE IMPRENTA)
Lugar de publicación, distribución, etc. Barcelona : Grupo Zeta
300 ## - DESCRIPCIÓN FÍSICA
Extensión 160 p.
336 ## - CONTENT TYPE
Content type term texto
Content type code txt
Source rdacontent
337 ## - MEDIA TYPE
Source rdamedia
Media type term sin mediación
Media type code n
338 ## - CARRIER TYPE
Source rdacarrier
Carrier type term volumen
Carrier type code nc
500 ## - NOTA GENERAL
Nota General Título original: Vers la terre d'Israël
505 00 - NOTA DE CONTENIDO
Nota de contenido con formato preestablecido Los judíos y la tierra de Israel -- Del sueño al proyecto político -- Entre la esperanza y los conflictos -- La lucha clandestina -- Llegados de todos los rincones -- El Israel del futuro -- Testimonios y documentos.
650 14 - ASIENTO SECUNDARIO DE MATERIA - TERMINO TEMÁTICO
Término temático o nombre geográfico como elemento de entrada JUDIOS \ JUDIOS - HISTORIA \ JUDIOS - CONDICIONES POLITICAS Y SOCIALES \ JUDAISMO - HISTORIA - PERIODO POST-EXILIO, 586 A.C.-210 D.C. \ HISTORIA - ISRAEL
942 ## - TIPO DE MATERIAL (KOHA)
Tipo de Item KOHA Libros General
Existencias
Estado de Material Estado de Perdido Estado de Dañado No para Préstamo Colección Tomo Biblioteca de Origen Biblioteca Permanente Fecha de Adquisición Total de Préstamos Signatura Topográfica Código de Barras Última vez visto Ejemplar/Existencia Fecha de Remplazo Tipo de Material
        Colección General   Biblioteca FUSBC Biblioteca FUSBC 20/09/2010   G 320.540956 G894i 10083 12/12/2019 1 26/01/2016 Libros General

Biblioteca FUSBC | Teléfono: (57+4) 349 88 10 Ext. 141| WhatsApp (+57) 3005338115 
E-mail: biblioteca@unisbc.edu.co | Calle 76 87-14 Robledo Palenque, Medellín, Colombia

Con tecnología Koha